Cuadernos de arquitectura : pláticas sobre arquitectura /
Guardat en:
| Autor corporatiu: | |
|---|---|
| Altres autors: | , , |
| Format: | Actes de congresos Llibre |
| Idioma: | espanyol |
| Publicat: |
México :
Instituto Nacional de Bellas Artes, Dirección de Arquitectura y Conservación del Patrimonio Artístico Inmueble : CONACULTA,
2001, c2001
|
| Edició: | 2a edición |
| Matèries: | |
| Etiquetes: |
Sense etiquetes, Sigues el primer a etiquetar aquest registre!
|
MARC
| LEADER | 00000nam^a2200000^a^4500 | ||
|---|---|---|---|
| 001 | 000151051 | ||
| 005 | 20250521000000.0 | ||
| 009 | 20260310100157.143 | ||
| 020 | |a 970-18-6853-6 | ||
| 037 | |a Acervo ITESO - Biblioteca | ||
| 041 | |a ESP | ||
| 082 | |a 720. 5 |b CUA S. 3 V. 1 | ||
| 111 | |a Pláticas sobre Arquitectura ( |n 1º : |d 1933 : |c Sociedad de Arquitectos Mexicanos) | ||
| 240 | 1 | 1 | |a [Cuadernos de arquitectura] |
| 245 | 1 | 0 | |a Cuadernos de arquitectura : |b pláticas sobre arquitectura / |c Ed. de A. Pallares ; presen. de S. Topelson de Grinberg ; introd. de R. Franklin Unkind. |
| 250 | |a 2a edición | ||
| 264 | 4 | |a México : |b Instituto Nacional de Bellas Artes, Dirección de Arquitectura y Conservación del Patrimonio Artístico Inmueble : |b CONACULTA, |c 2001, c2001 | |
| 300 | |a XII, 117 p. | ||
| 336 | |a texto |b txt |2 rdacontenido | ||
| 337 | |a sin mediación |b n |2 rdamedio | ||
| 338 | |a volumen |b nc |2 rdasoporte | ||
| 649 | |a XX | ||
| 650 | |a Arquitectura - |z México - |x Congresos | ||
| 650 | |a Arquitectura - |x Congresos | ||
| 650 | |a Arquitectura Funcionalista - |x Teoría | ||
| 650 | |a Arquitectura Moderna - |x Teoría | ||
| 650 | |a Arquitectura - |x Teoría | ||
| 650 | |a Arquitectura Mexicana - |y Siglo XX | ||
| 650 | |a Arte Moderno - |x Teoría | ||
| 650 | |a Arte - |x Teoría | ||
| 650 | |a Arte Mexicano - |y Siglo XX | ||
| 700 | |a Pallares, Alfonso |e (edición) | ||
| 700 | |a Topelson de Grinberg, Sara |e (presentación) | ||
| 700 | |a Franklin Unkind, Raquel |e (introducción) | ||
| 910 | |a Fondo General | ||
| 920 | |a Impresos - Libros | ||
| 930 | |a Colección General | ||
| 905 | |a 101 | ||
| 901 | |a 0500080427 |b IT1 |c ACC |u 20250521 | ||
| 902 | |a https://opac.biblio.iteso.mx/vufind/Record/000151051 | ||